Acta Polytechnica Hungarica Journal of Applied Sciences

Gespeichert in:
Bibliographische Detailangaben
Format: Schriftenreihe
Sprache:Englisch
Veröffentlicht: Budapest Budapest University of Technology and Economics
Tags: Tag hinzufügen
Keine Tags, Fügen Sie das erste Tag hinzu!

MARC

LEADER 00000nas1a2200000 4500
001 0269356
005 20250627105612.1
022 |a 1785-8860 
022 |a 1785-8860 
041 0 |a eng 
044 |a HU 
245 1 0 |a Acta Polytechnica Hungarica  |b Journal of Applied Sciences 
264 1 |a Budapest  |b Budapest University of Technology and Economics